=LDR 00000nam 2200000 4500 =001 INLIS000000000001863 =005 20180724143358 =008 180724||||||||| | ||| |||| || | =035 $0010-0718001863 =041 $$a id =082 $$a R.170 PIM II 2016 =090 $$a R.170 PIM II 2016 =100 $$a Kadarusman,Sidik =245 $$a Standarisasi Tabel Referensi Dalam Rangka Optimalisasi Integrasi Sistem Informasi Kepegawaian untuk Meningkatkan Kinerja BKN =260 $$a Jakarta $b LAN Jakarta $c 2016 =300 $$a VI. hlm. 26.30 cm =650 $$a Standarisasi